Topics in geometry
Αποθηκεύτηκε σε:
| Κύριος συγγραφέας: | |
|---|---|
| Μορφή: | Βιβλίο |
| Γλώσσα: | English |
| Δημοσίευση: |
Oxford : New York :
Pergamon Press ;, Macmillan,
|
| Σειρά: | Commonwealth and international library of scince, technology, engineering and liberal studies. Mathematics division ;
; 7 |
| Θέματα: | |
| Ετικέτες: |
Προσθήκη ετικέτας
Δεν υπάρχουν, Καταχωρήστε ετικέτα πρώτοι!
|
MARC
| LEADER | 00000cam a2200000 i 4500 | ||
|---|---|---|---|
| 001 | 1/100802 | ||
| 008 | 090206s1963 eng d | ||
| 035 | |l 10103005 | ||
| 040 | |a GR-MY-UA |b gre |e aacr | ||
| 041 | 0 | |a eng | |
| 082 | 0 | |a 516 |2 (22) | |
| 100 | 1 | |a Perfect, Hazel. | |
| 245 | 1 | 0 | |a Topics in geometry / |c Hazel Perfect |
| 260 | |a Oxford : |a New York : |b Pergamon Press ;, |b Macmillan, | ||
| 300 | |a viii, 153 σ.; |b σχέδια; |c 20 εκ. | ||
| 490 | 1 | |a The Commonwealth and international library of science, technology, engineering and liberal studies |v ; 7 | |
| 504 | |a Περιέχει βιβλιογραφικές παραπομπές και ευρετήριο | ||
| 650 | 0 | 0 | |a Geometry. |
| 830 | 0 | |a Commonwealth and international library of scince, technology, engineering and liberal studies. Mathematics division ; |v ; 7 | |
| 852 | |a INST |b SAMOS |c MAG |e 20090206 |h 516 PER |p 005300029418 |q 005300029418 |t BK |y 0 | ||
| 901 | |a BIBL3-2009-1 | ||
| 909 | |a Σ |b 155551 | ||
| 970 | |a ΡΟΥΣΣΟΥ |b ΚΩΝΣΤΑΝΤΙΝΑ |z 2009/02/06 | ||